| 000 | 00418nam a2200169 i 4500 | ||
|---|---|---|---|
| 001 | bg | ||
| 100 | 1 | _aDĄBROWSKI, Stanisław | |
| 245 | 0 |
_aMaszyny i ciągniki rolnicze / _cS. Dąbrowski, D. Kozłowska. |
|
| 250 | _aWyd.12. | ||
| 260 |
_aWarszawa, _c1983. |
||
| 700 | 1 | _aKOZŁOWSKA, Danuta | |
| 040 | _cBPK | ||
| 041 | _apol | ||
| 080 | _a631.3(075.8) | ||
| 942 | _cKS | ||
| 008 | s pl f |000 0 pol | ||
| 999 |
_c2068 _d2068 |
||
| 856 |
_uhttp://koha.tu.koszalin.pl/cgi-bin/koha/opac-detail.pl?biblionumber=2068 _yKatalog online BPK |
||